000 00567nam a2200181Ia 4500
999 _c14907
_d14907
003 OSt
005 20201019112205.0
008 190216s9999||||xx |||||||||||||| ||und||
020 _a9780198079385
040 _coclc
082 _a305.56880954
_bRAV/O
100 _aRavikumar
_95885
245 4 _aThe Oxford India Anthology Of Tamil Dalit Writing /
_cRavikumar ; R Azhagarasan
260 _bOxford Book Company,
_c2012.
_aNew Delhi:
300 _a334p
650 _aTamil Writing
942 _cBK
_2ddc
_h305.56880954
_iRAV/O
_k305.56880954
_mRAV/O